| 000 | 00542nam a2200169 i 4500 | ||
|---|---|---|---|
| 001 | 74745 | ||
| 003 | ES-MaACL | ||
| 005 | 20250627063636.0 | ||
| 007 | t| | ||
| 008 | 040920s1960 sp ||||1| spa d | ||
| 100 | 1 |
_aGonzález Ruiz, Nicolás, _d1897-1967 _958946 |
|
| 245 | 1 | 0 |
_aGenio y figura del padre Pulgar _b: semblanza biográfica / _cNicolás González Ruiz. |
| 260 |
_aMadrid : _b[s.n., _c1960] ( _fGráf. Nebrija) |
||
| 300 |
_a196 p., 5 lám. ; _c22 cm. |
||
| 852 |
_aES-MaACL _jC-19651 _bR.47550 |
||
| 999 |
_c74745 _d74745 |
||